000 00593nam a2200193 i 4500
001 90727
003 ES-MaACL
005 20250718063319.0
007 t|
008 050124s1965 sp ||||1| spa d
100 0 _aLeón
_bXIII,
_cPapa
_971654
245 1 0 _aRerum Novarum
_b: sobre la condición de los obreros /
_cPapa León XIII.
260 _aSalamanca :
_bSígueme,
_c1965.
300 _a76 p. ;
_c17 cm.
490 1 _aDocumentos pontificios ;
_v13
830 0 _aDocumentos pontificios ;
_v13
_9185731
852 _aES-MaACL
_jC-28359
_bR.57567
999 _c90727
_d90727